000 00619nam a2200193Ia 4500
003 GCL
008 140319s9999 xx 000 0 ara d
040 _aGCL /
_cGCL
082 0 4 _a155.4
_bك س
100 1 _aشانر، وليم
245 1 0 _aالطريق الى التفكير المنطقى /
_cشانر، وليم
700 1 _aعطية محمود مهنا (مترجم)
300 _a114 ص
490 _aسلسلة دراسات سيكولوجية
_v0
650 0 4 _aالاطفال، رعاية ذهنية
650 0 4 _aالتفكير المنطقى
650 0 4 _aالتفكير المجرد
942 _2ddc
_cBK
999 _c47123
_d47123